BCG v propylaxii povrchových nádorov močového mechúra

Bibliographic Details
Main Authors: Bárdoš, Augustín, 1950-2016 (Author), Horňák, Michal, 1929-2016 (Author)
Format: Article
Language:Slovak
PhysicalDescription:Tab. 3, res. angl., slov., lit. 10 zázn. v angl., slov.
Subjects:

MARC

LEADER 00000nab a2200000 a 4500
001 vtls000605405
003 SK-MaSNL
005 20260304030518.0
008 160401c1995 xo 0 slo
015 |a SNBRB19rr/mm-uuuuu 
035 |a CL0605544 
040 |a SNKBUCL  |b slo  |c SNKBUCL  |e AACR2 
041 0 |a slo 
044 |a xo  |c SK 
080 |a 616.62-006:615.371  |2 1981 
080 |a 615.371  |2 1981 
100 1 |a Bárdoš, Augustín,  |d 1950-2016  |4 aut  |9 201350 
245 1 0 |a BCG v propylaxii povrchových nádorov močového mechúra  |c Augustín Bárdoš, Michal Horňák 
300 |b Tab. 3, res. angl., slov., lit. 10 zázn. v angl., slov. 
650 0 7 |a močový mechúr  |2 snkbucl  |9 70115 
650 0 7 |a nádory povrchové  |2 snkbucl  |9 1308900 
650 0 7 |a vakcína BCG  |2 snkbucl  |9 991321 
655 7 |a články z novín a časopisov  |2 snkbucl  |9 267496 
700 1 |a Horňák, Michal,  |d 1929-2016  |4 aut  |9 25820 
773 0 |t Urológia  |g Roč. 1, č. 2 (1995), s. 12-15 
850 |a Slovenská národná knižnica v Martine  |a MTA001 
852 |a SNK  |b KIS3GCP 
958 |a NB 
958 |a NX 
958 |a ME 
958 |a RK 
999 |c 2634426  |d 2636356